000
00259nam a2200097Ia 4500
008
220204s9999 xx 000 0 und d
082
_a
339.1
_b
REV
245
0
_a
Revised Indian trade classification
260
_a
Delhi
_b
Manager of Publications
_c
1964
942
_c
BK
999
_c
21503
_d
21503